000
00288nam a22001337a 4500
008
180208b xxu||||| |||| 00| 0 eng d
020
_a
0080287816
041
_a
eng
080
_a
91
100
_a
42
101
_a
GJEO
245
_a
Geography&population
_c
Clarke,J.I
942
_2
udc
_c
BK
999
_c
42119
_d
42119